00443nam a22001457a 450000500170000000800410001702000180005804100080007608200240008410000150010824500910012326000460021430000090026050000280026920250402145623.0250402b |||||||| |||| 00| 0 eng d a9789392510618 aeng a001.954bDAS B22478 aDasgupta S aA History of Indian Philosophy :bPrincipal Dualistic and Pluralistic Systems, Vol.III aDelhi bMotilal Banarsidass International a614p aIndian Knowledge System